MDQL
is popping MORE tags! Check the
thread
!
Quizzes
Events
Quiz Creation
Community
Videos
Private Events
Remove Ads
Sign In
Join for FREE
Feedback
Dark Mode
Quiz Categories
Sports
Geography
Music
Movies
Television
Just For Fun
Miscellaneous
History
Literature
Language
Science
Gaming
Entertainment
Religion
Holiday
For Kids
Quiz Lab
Recent
Popular Today
Quiz Kudos Today
Editor Picks
Curator Picks
Quizzes by...
Day
Popularity
Type
Ratings
Length
Year
Community
Subscriptions
Recent Discussions
Orange Saloon
Badges
Playlists
Quests
Create
Leaderboards
Showdown
Live 5
Trivia Bingo
Activity
Puzzle Library
Sporcle Events
Private Events
Virtual Trivia
Globe League
Become a Host
Pub Owners
SporcleCon
Opinionation
Our Games
Videos
Blog
Mobile Apps
Partnerships
Remove Ads and Go Orange
Feedback
Music
Pop Music
The Beatles
Song
Album
Lyrics
Bands
Singers
Artist
Clip
Rock
Rap
Classical
Billboard
Country Music
Kpop
Taylor Swift
Music
Pop Music
The Beatles
Song
Album
Lyrics
Bands
Singers
Artist
Clip
Rock
Rap
Classical
Billboard
Country Music
Kpop
Taylor Swift
Random Quiz
Search Sporcle
×
Quiz Lab
Quiz Lab
Music
Rock
Type in answers that appear in a list
Type in answers that appear in a list
Classic
Best Score? Go Orange.
Songs From 'Sandinista!' Stats
Can you name the songs from The Clash's album 'Sandinista!?'
By
Niceguy
10m
36 Questions
91 Plays
91 Plays
91 Plays
Comments
Comments
Give Quiz Kudos
Give Quiz Kudos
-
- Ratings
hide this ad
Replay
Link that replays current quiz
Next Quiz
Link to next quiz in quiz playlist
You Got
0%
They Got
Avg Score
59%
Avg Friend Score
Upgrade to see
Score Distribution
Jump to the score distribution portion of the page
Score
0/36
Timer
10:00
0
Plays Today
Track #
Song
% Correct
1
The Magnificent Seven
85.7%
3
Junco Partner
81.3%
4
Ivan Meets G.I. Joe
76.9%
2
Hitsville U.K.
75.8%
10
Somebody Got Murdered
74.7%
19
Police on My Back
74.7%
23
Washington Bullets
74.7%
11
One More Time
70.3%
12
One More Dub
70.3%
35
Career Opportunities
70.3%
5
The Leader
65.9%
26
Charlie Don't Surf
65.9%
22
The Call Up
64.8%
24
Broadway
63.7%
6
Something About England
62.6%
7
Rebel Waltz
62.6%
13
Lightning Strikes (Not Once But Twice)
61.5%
18
The Sound of Sinners
61.5%
Track #
Song
% Correct
14
Up in Heaven (Not Only Here)
59.3%
25
Lose This Skin
59.3%
34
Version Pardner
56%
36
Shepherds Delight
54.9%
17
If Music Could Talk
53.8%
8
Look Here
52.7%
9
The Crooked Beat
52.7%
15
Corner Soul
51.6%
33
Silicone on Sapphire
50.5%
20
Midnight Log
49.5%
27
Mensforth Hill
49.5%
31
Version City
49.5%
29
Kingston Advice
47.3%
16
Let's Go Crazy
46.2%
21
The Equaliser
45.1%
30
The Street Parade
45.1%
28
Junkie Slip
35.2%
32
Living in Fame
35.2%
Quiz Playlist
Details
Report
Send in Message
Add To Playlist
Classic:
Type in answers that appear in a list
Last Updated: Nov 24, 2021
Quiz Scoreboard
CHALLENGE
Sign Up to Join the Scoreboard
Show All
Scores
Hide
Comments
May contain spoilers
Recently Published
Street Fighter Characters
by Artimus82
Gaming
60s
9x9 Crossword: Cartoon Network
by jackfrog10
Miscellaneous
3m
College Basketball Coaching Resumes
by pancakes188
Sports
9m
More to Explore
Quiz From the Vault
Featured Blog Post
Where Did the Easter Bunny Come From?
hide this ad
You Might Also Like...
Tags
Album Quiz
Artist Quiz
Bands Quiz
Rock Quiz
Song Quiz
clash
Punk Albums
Punk Artists
Punk Songs
The Clash
Today's Top Quizzes in Music
Browse Music
hide this ad
Today's Top Quizzes in Rock
Browse Rock
Top Contributed Quizzes in Music
1
Taylor Swift All Songs (2024)
2
Taylor Swift Logic Puzzle
3
Guess the Artist- 70s Songs
4
7-to-1: Billboard Hot 100 #1 Hits of 2010s
5
Sorting Albums and Songs
6
KPOP LOGIC QUIZ
7
Guess the Taylor Swift song (Mystery Song)
8
Guess The Taylor Swift Lyrics Song #1
9
Billboard Blitz: ABBA
10
Billboard Blitz: The Beatles
Explore More
Trending Topics
NBA
Harry Potter
Disney
Crossword
Anime
Kpop
Marvel
NFL
Puzzle
Soccer
Country
Song
Pokémon
WWE
The Office
hide this ad
More By:
Niceguy
Quiz
Plays
Rating
Category
Featured
Created
Countries with One Border
259
4.20
Geography
Oct 10, 2013
Pick the Clash Albums
105
5.00
Music
Nov 25, 2021
Songs From 'Sandinista!'
91
5.00
Music
Feb 6, 2015
Pick the U2 Albums
50
4.00
Music
Nov 25, 2021
'Country' Songs
47
5.00
Music
Dec 7, 2016
Go to Creator's Profile
Score Distribution
Quiz Creator Spotlight
Niceguy
Follow
Send a Message
Quizzes Created
-
Created Quiz Play Count
-
More By This Creator
Popular Quizzes Today
1
Find the US States - No Outlines Minefield
2
Find the Countries of Europe - No Outlines Minefield
3
The Countries of the World
4
Find the US States
5
Risky Map Clicking: Biggest States A-Z
6
US States
7
Popular People in 1961
8
Movies - When Are They Set?
More Music Quizzes
Upside Down Rappers
Curator's Pick
Trending Quizzes
Risky Map Clicking: Least Populous States A-Z
Countries of the World: 200 Million BC
1-10 Letter G Words
Risky Map Clicking: Next State Alphabetically
Adjectives in 80s TV Shows
Recently Updated
Leaping Animals
pecheneg
Reality TV Shows (A-Z)
bhenderson79
Rickey Henderson's Hall of Fame Teammates
pecheneg
Champions League XIs: Arsenal
pecheneg
Quick Pick: Celebrities in WWE's Hall of Fame
aduchscher
A-Z Keypad Blitz II
pecheneg
Multiple Oscar Actors
pecheneg
Mystery Phrase Blitz: Oscar 'Best Actors'
pecheneg
F. Scott Fitzgerald Novels
LTH
Pick 3 Villains
ddd62291
Trending Topics
Anime
Disney
Marvel
NBA
Kpop
Crossword
Harry Potter
Song
Puzzle
The Office
Country
WWE
NFL
Soccer
Pokémon
Your Account Isn't Verified!
In order to create a playlist on Sporcle, you need to verify the email address you used during registration. Go to your
Sporcle Settings
to finish the process.
Report this User
Report this user for behavior that violates our
Community Guidelines
.
Details:
Send Report
Go to the Sporcle.com Mobile Site →
Comments